Statistiques concernant Langages Informatiques

Cliquez ici pour prendre le quiz!

Statistiques générales

  • Ce quiz a été pris 635 fois
  • Le résultat moyen est 13 sur 34

Statistiques - réponses

Date de Création (1ère version)Réponse% Correct
1983C++
97%
1972C
97%
2001C# (C Sharp)
97%
1995Java
93%
1991Python
91%
1993HTML
81%
1996JavaScript
79%
1993R
69%
1996CSS
68%
1994PHP
64%
1974SQL
50%
1995Ruby
47%
1949Assembleur
42%
2001D
39%
1970Pascal
33%
1959Cobol
31%
2009Go
31%
2010Rust
30%
1957Fortran
24%
1964Basic
22%
1987Perl
22%
1991Visual Basic
19%
1984MATLAB
16%
1993Lua
15%
2006Scratch
15%
2004Scala
14%
1985Caml
13%
1983Objective-C
11%
2009Julia
9%
1958Lisp
9%
1972Prolog
6%
1995Delphi
5%
1958Algol
3%
1969Smalltalk
2%

Distribution des résultats

Percentile par nombre de réponses

% des personnes avec chaque résultat

Votre développement - résultats

Vous n’avez pas pris ce quiz